| 000 | 00428nam a2200169Ia 4500 | ||
|---|---|---|---|
| 008 | 230524s9999 xx 000 0 und d | ||
| 082 |
_a658.45 _bCHU |
||
| 100 | _aS.A.Chunawalla | ||
| 245 | 0 | _aFoundations of Advertising : Theory And Practice | |
| 250 | _a7TH | ||
| 260 |
_aNEW DELHI _bHimalaya _c2008 |
||
| 300 | _aXI;744 | ||
| 500 | _aQuantity Number: 20 | ||
| 650 | _aManagement | ||
| 700 | _a K.C.Sethia | ||
| 942 | _cBK | ||
| 999 |
_c43019 _d43019 |
||